000 00468nam a2200181Ia 4500
001 11255
005 20260306161933.0
008 260306t2011||||xx |||||||||||||| ||spa||
041 _aESP
082 _a985.02
_bB96A
100 _aBusto, José Antonio del
_eAUT
245 0 _aBreve historia de los negros del Perú:
_btres ensayos peruanista
260 _c2011
300 _a127 páginas :
_c28 cm.
650 _aGEN
654 _aCHU
942 _cLIB
_dJUS
_fJUS
_2ddc
_n
999 _c11255
_d11255